The Go-Between /

Uloženo v:
Podrobná bibliografie
Hlavní autor: Hartley, Leslie Poles (autor)
Médium: Kniha
Jazyk:angličtina
Vydáno: Londres, Inglaterra : Longman, 1984, c1953
Edice:(Longman Structural Readers: Fiction. Stage 1)
Témata:
Tagy: Přidat tag
Žádné tagy, Buďte první, kdo vytvoří štítek k tomuto záznamu!

MARC

LEADER 00000nam^a2200000^a^4500
001 000338341
005 20250521000000.0
009 20260526141028.694
020 |a 0-582-53783-5 
037 |a Acervo Xavier Clavigero 
041 |a ING 
082 |a 425.  |b LON STR S. 6 V. 1 
100 |a Hartley, Leslie Poles  |e (autor) 
240 1 4 |a [El mensajero, de Leslie Poles Hartley] 
240 1 4 |a [El mensajero, de Leslie Poles Hartley. Adaptaciones] 
245 1 4 |a The Go-Between /  |c L.P. Hartley ; versión simplificada y abreviada de Roland John, Judith Brown. 
264 4 |a Londres, Inglaterra :  |b Longman,  |c 1984, c1953 
300 |a 143 p. 
336 |a texto  |b txt  |2 rdacontenido 
337 |a sin mediación  |b n  |2 rdamedio 
338 |a volumen  |b nc  |2 rdasoporte 
440 1 |a (Longman Structural Readers: Fiction.  |p Stage 1) 
649 |a XX 
650 |a Inglés como Lengua Extranjera -  |x Estudio y Enseñanza -  |x Tema Principal 
650 |a Inglés -  |x Estudio y Enseñanza 
650 |a Novela Inglesa 
650 |a Literatura Inglesa -  |y Siglo XX 
910 |a Fondo General 
920 |a Impresos - Libros 
930 |a Colección General 
905 |a 101 
901 |a 067719  |b IT1  |c ACC  |u 20250521 
902 |a https://opac.biblio.iteso.mx/vufind/Record/000338341